Personnalités politiques françaises n°14 - Statistiques

Statistiques générales
  • Ce quiz a été pris 309 fois
  • Le résultat moyen est 4 sur 20
Statistiques - réponses
Par images Réponse % Correct
Antoine Léaument
76%
Clémence Guetté
75%
Jean-Baptiste Djebbari
39%
Edwige Diaz
35%
Patrick Kanner
28%
Hervé Berville
25%
Aurélien Rousseau
23%
Dominique Faure
15%
Valérie Rabault
15%
Xavier Darcos
14%
Emmanuelle Cosse
12%
François Patriat
12%
Jean-Luc Moudenc
12%
Karima Delli
11%
Patrick de Carolis
11%
Elsa Faucillon
9%
Jérôme Rivière
5%
Bruno Bilde
4%
Huguette Bouchardeau
2%
Joseph Daul
2%
Aucun quiz correspondant
Distribution des résultats
% des personnes avec chaque résultat
Percentile par nombre de réponses
Votre historique - résultats
Vous n’avez pas pris ce quiz